000 00995nam a22002537a 4500
005 20170124103154.0
010 _a754766
020 _c6.00
035 _a754766
037 _bCen Lib/Ret
040 _aDPL
_bHN
082 _a954.013
_bअनन्त
100 _aअनन्त कुमार
_989246
245 _aबुद्धकालीन राजग्रह /
_cअनन्त कुमार
246 _aBudhkalin rajgreh /
_bby Anant Kumar
260 _aपटना
_bबिहार हिंदी ग्रंथ अकादेमी
_c2000
300 _a111पृ.
_c21सेमी(सजिल्द)
490 _a(c) बिहार हिंदी ग्रंथ अकादेमी
650 _aइतिहास
_989247
650 _aइतिहास--प्रमुख घटनाएँ
_989248
650 _aHistory
_989249
650 _aHistory--Major Events
_989250
942 _2ddc
_cHN
_h954.013
_mअनन्त
999 _c120212
_d120212